000 00378nam a2200133Ia 4500
008 151015s9999 xx 000 0 und d
020 _a9.7814441103e+012
050 _aQA 76.76 .A65 B95 2010
245 _aBride Mac
250 _a_Teach Yourself ;get Started in Windows 7 / Mac Bride
500 _aIncludes index
650 _a_Windows
700 _a^d20120113 02:50:07^oanne
999 _c3160
_d3160